000 00300nam a22001337a 4500
008 181011b xxu||||| |||| 00| 0 eng d
020 _a9780205435296
041 _aeng
080 _29th
_a159.9
100 _a48
101 _aPSI
245 _aEducational Psychology
_cWoolfolk,A
942 _2udc
_cBK
999 _c49411
_d49411